000 00926cam a22002653a 4500
001 18448
003 PGUSA
005 20140828083407.0
008 060525s2006||||xxu|||||s|||||000 | eng d
040 _aPGUSA
_beng
042 _adc
050 4 _aTA
100 1 _aWilson, Herbert M.
_q(Herbert Michael),
_d1860-1920
245 1 0 _aTransactions of the American Society of Civil Engineers, vol. LXX, Dec. 1910 :
_bFederal Investigations of Mine Accidents, Structural Materials and Fuels. Paper No. 1171
_h[electronic resource] /
_cHerbert M. Wilson
260 _bProject Gutenberg,
_c2006
506 _aPublic domain in the USA.
516 _aElectronic text
653 _aCivil engineering -- Periodicals
653 _aBuilding materials
653 _aCoal mines and mining -- Safety measures
653 _aFuel
830 0 _aProject Gutenberg
_v18448
856 4 0 _uhttp://www.gutenberg.org/ebooks/18448
942 _cEB
999 _c247703
_d247703